Chess: don't get captured #1 - Sudden Death - Statistics

General Stats
  • This quiz has been taken 2,506 times
  • The average score is 8 of 15
Answers on the Grid
Answers color-coded by a green-red scale on the quiz's grid according to % correct below.
 
Answer Stats
Answer % Correct
67%
66%
62%
58%
58%
56%
56%
55%
54%
53%
52%
52%
46%
43%
40%
No matching quizzes found
Score Distribution
Percent of People with Each Score
Percentile by Number Answered
Your Score History
You have not taken this quiz